The Sacrifices of the Lord (Record no. 206811)

MARC details
000 -LEADER
fixed length control field 00534nam a22001817a 4500
005 - DATE AND TIME OF LATEST TRANSACTION
control field 20241028145303.0
010 ## - LCCN (DPL NO)
LC control number ENG-142464
020 ## - INTERNATIONAL STANDARD BOOK NUMBER
International Standard Book Number 9789393734235
Terms of availability 580.00
035 ## - SYSTEM CONTROL NUMBER
System control number EN-125996
037 ## - SOURCE OF ACQUISITION
Source of stock number/acquisition DBAD
082 ## - DEWEY DECIMAL CLASSIFICATION NUMBER
Classification number 230.5
100 ## - MAIN ENTRY--PERSONAL NAME
Personal name Chijioke Okafor
245 ## - TITLE STATEMENT
Title The Sacrifices of the Lord
260 ## - PUBLICATION, DISTRIBUTION, ETC. (IMPRINT)
Place of publication, distribution, etc Exceller Books
Name of publisher, distributor, etc Okafor Chijioke
Date of publication, distribution, etc 2022
270 ## - ADDRESS
Address G1,Dream Apartment, Degree College Road ,Belghria
City Kolkata
Postal code 700056
300 ## - PHYSICAL DESCRIPTION
Extent 51p.
Dimensions 21cm(pbk)
942 ## - ADDED ENTRY ELEMENTS (KOHA)
Source of classification or shelving scheme Dewey Decimal Classification
Item type English Books
Classification part 230.5
Call number suffix CHI
Edition 2022
Holdings
Withdrawn status Lost status Not for loan Collection code Home library Current library Date acquired Source of acquisition Cost, normal purchase price Full call number Barcode Copy number Cost, replacement price Koha item type
      Non-fiction Bawana Bawana 28/10/2024 DBAD 580.00 230.5 CHI EN-125996 1 580.00 English Books

© Delhi Public Library
Hit Counter
free hit counter